000 00611nam a2200229Ia 4500
003 OSt
005 20221006165152.0
006 a|||||r|||| 00| 0
007 ta
008 221006b |||||||| |||| 00| 0 eng d
024 _a1,268
037 _cTextual
040 _aFML
_cFML
_beng
041 _2eng
_aeng
082 _aN4412:g, L0
100 _aKramrisch Stella Au.
_9620550
245 0 _aThe Art and Crafts of kerala
260 _aCochin
_bPaico Publishing House
_c1970
300 _a226
_ccm.
942 _hN4412:g, L0
_cTEXL
_2CC
999 _c1119855
_d1119855